|
|
|
|
| LEADER |
00640cam a2200181 7i4500 |
| 001 |
0000044343 |
| 005 |
20121214090000.0 |
| 020 |
|
|
|a 97897946164499 (pbk.)
|
| 090 |
0 |
0 |
|a H62
|b .K74 2007
|
| 100 |
0 |
|
|a K, Septiawan Santana
|
| 245 |
1 |
0 |
|a Menulis ilmiah :
|b metode penelitian kualitatif
|c Drs. Septiawan Santana K.
|
| 260 |
|
|
|a Jakarta:
|b Yayasan Obor Indonesia,
|c 2007.
|
| 300 |
|
|
|a x, 226 p.;
|c 21 cm.
|
| 650 |
0 |
0 |
|a Social sciences --
|x Research --
|x Methodology
|
| 997 |
|
|
|a Centre for Graduate Studies
|
| 998 |
|
|
|a Education Management, Master
|
| 998 |
|
|
|a Curriculum Management, Master
|
| 999 |
|
|
|a 0000051516
|b BOK
|c OPEN SHELF
|e 1st Floor, Shah Alam
|